[Event "World Blitz 2015"]
[Site "Berlin GER"]
[Date "2015.10.13"]
[Round "7.7"]
[White "Guseinov, Gadir"]
[Black "Mamedov, Rauf"]
[Result "1/2-1/2"]
[WhiteTitle "GM"]
[BlackTitle "GM"]
[WhiteElo "2634"]
[BlackElo "2657"]
[WhiteFideId "13401378"]
[BlackFideId "13401653"]
[EventDate "2015.10.13"]

1. e4 c5 2. Nc3 Nc6 3. Nf3 g6 4. d3 Bg7 5. g3 d6 6. Bg2 Nf6 7. O-O O-O 8. Be3
Ng4 9. Bd2 Nf6 10. Be3 Ng4 11. Bd2 Nf6 1/2-1/2

[Event "World Blitz 2015"]
[Site "Berlin GER"]
[Date "2015.10.13"]
[Round "7.9"]
[White "Kravtsiv, Martyn"]
[Black "Gelfand, Boris"]
[Result "1-0"]
[WhiteTitle "GM"]
[BlackTitle "GM"]
[WhiteElo "2621"]
[BlackElo "2741"]
[WhiteFideId "14113147"]
[BlackFideId "2805677"]
[EventDate "2015.10.13"]

1. e4 c5 2. Nf3 Nc6 3. d4 cxd4 4. Nxd4 Nf6 5. Nc3 e5 6. Ndb5 d6 7. Bg5 a6 8. Na3
b5 9. Nd5 Be7 10. Bxf6 Bxf6 11. c3 Rb8 12. Nc2 Bg5 13. a4 bxa4 14. Ncb4 Nxb4 15.
cxb4 O-O 16. Bc4 Kh8 17. O-O f5 18. exf5 Bxf5 19. Rxa4 Be6 20. Rxa6 Bxd5 21.
Qxd5 Rb6 22. b5 Qc7 23. g3 Rfb8 24. Rfa1 g6 25. Rxb6 Qxb6 26. Ra8 Rxa8 27. Qxa8+
Qd8 28. Qc6 e4 29. Qxe4 Bf6 30. Qd5 Kg7 31. b6 Bxb2 32. b7 Be5 33. Kg2 Qb8 34.
Qf7+ Kh6 35. Bd5 Qd8 36. h4 Qh8 37. g4 Qd8 38. g5+ Kh5 39. Kh3 1-0

[Event "World Blitz 2015"]
[Site "Berlin GER"]
[Date "2015.10.13"]
[Round "7.10"]
[White "Vallejo Pons, Francisco"]
[Black "Onischuk, Vladimir"]
[Result "1-0"]
[WhiteTitle "GM"]
[BlackTitle "GM"]
[WhiteElo "2684"]
[BlackElo "2612"]
[WhiteFideId "2205530"]
[BlackFideId "14114038"]
[EventDate "2015.10.13"]

1. e4 d6 2. d4 Nf6 3. Nc3 g6 4. Bg5 Bg7 5. Qd2 h6 6. Bf4 c6 7. O-O-O b5 8. e5 b4
9. exf6 bxc3 10. Qxc3 Bxf6 11. Nf3 Bg7 12. h4 Be6 13. Bc4 Bxc4 14. Qxc4 O-O 15.
Qc3 Nd7 16. Qd2 Kh7 17. Qe3 Nf6 18. Rde1 Nd5 19. Qd2 Rb8 20. h5 g5 21. Bxg5 hxg5
22. Nxg5+ Kh8 23. Qd3 f5 24. h6 Bf6 25. Qxf5 Bxg5+ 26. Qxg5 Rg8 27. Qd2 Rxg2 28.
c4 Nf6 29. Rhg1 Qg8 30. Rxg2 Qxg2 31. Qe3 Re8 32. a3 Qg6 33. f3 Qf7 34. Qd3 Rg8
35. Re2 Rg1+ 36. Kd2 Nh5 37. Qe3 Qxc4 38. Qxg1 Qf7 39. Qg5 e6 40. Rg2 e5 41.
dxe5 Qd5+ 42. Kc1 Qc4+ 43. Kd2 Qd4+ 44. Kc2 Qc4+ 45. Kb1 Qd3+ 46. Ka2 Qd5+ 47.
b3 Qf7 48. exd6 a5 49. Qd8+ Kh7 50. Qe7 1-0

[Event "World Blitz 2015"]
[Site "Berlin GER"]
[Date "2015.10.13"]
[Round "7.12"]
[White "Korobov, Anton"]
[Black "Kasimdzhanov, Rustam"]
[Result "1/2-1/2"]
[WhiteTitle "GM"]
[BlackTitle "GM"]
[WhiteElo "2700"]
[BlackElo "2704"]
[WhiteFideId "14105730"]
[BlackFideId "14200244"]
[EventDate "2015.10.13"]

1. d4 d5 2. c4 e6 3. Nc3 Nf6 4. Nf3 Be7 5. Bf4 O-O 6. e3 Nbd7 7. Be2 dxc4 8.
Bxc4 c5 9. O-O Nb6 10. Bb3 cxd4 11. Nxd4 Nfd5 12. Nxd5 Nxd5 13. Bg3 Bf6 14. Rc1
Qb6 15. Qd2 Bd7 16. Nf3 Bb5 17. Rfd1 Rad8 18. Ne5 Nf4 19. Bxf4 Rxd2 20. Rxd2 Qa5
21. Rdc2 Bxe5 22. Bxe5 Bc6 23. Rc5 Qd8 24. h3 Qe7 25. Bd4 Rd8 26. a3 h6 27. Ba2
a6 28. b4 Qh4 29. Bb1 Rxd4 30. exd4 Qxd4 31. R5c4 Qd2 32. R4c3 Qg5 33. f3 g6 34.
Re1 Qd2 35. Rce3 h5 36. Be4 Bxe4 37. Rxe4 b5 38. h4 Kg7 39. Kh2 Qc3 40. R4e3
Qc7+ 41. Kh3 Qd7 42. Kg3 Qd6+ 43. Kh3 Kf6 44. R1e2 Qd1 45. Re1 Qd2 46. R1e2 Qc1
47. Re1 Qd2 48. R1e2 Qc1 49. Re1 1/2-1/2

[Event "World Blitz 2015"]
[Site "Berlin GER"]
[Date "2015.10.13"]
[Round "7.16"]
[White "Bartel, Mateusz"]
[Black "Leko, Peter"]
[Result "1/2-1/2"]
[WhiteTitle "GM"]
[BlackTitle "GM"]
[WhiteElo "2622"]
[BlackElo "2707"]
[WhiteFideId "1112635"]
[BlackFideId "703303"]
[EventDate "2015.10.13"]

1. e4 e5 2. Nf3 Nc6 3. Bb5 Nf6 4. d3 Bc5 5. c3 O-O 6. O-O Re8 7. b4 Bb6 8. Ba4
d6 9. Nbd2 a6 10. Bb3 h6 11. a4 Ne7 12. Nc4 Ba7 13. Be3 Ng6 14. Bxa7 Rxa7 15. g3
Be6 16. Ne3 a5 17. Bxe6 Rxe6 18. Qb3 c6 19. Rfb1 d5 20. exd5 cxd5 21. bxa5 Rea6
22. d4 e4 23. Ne5 Ne7 24. c4 Rxa5 25. c5 Nc6 26. Nxc6 bxc6 27. Nf5 Nd7 28. Nd6
Qa8 29. Nf5 Rxa4 30. Rxa4 Rxa4 31. Qb7 Nf8 32. Qxa8 Rxa8 33. Ne7+ Kh7 34. Nxc6
Ne6 35. Kf1 Ra4 36. Rc1 f6 37. Ne7 Nc7 38. Rb1 Rxd4 39. Rb7 Ne6 40. c6 Rc4 41.
Rd7 d4 42. Rd6 Nc7 43. Rd7 Ne6 44. Rd6 Nc7 45. Rd7 Ne6 46. Rd6 1/2-1/2

[Event "World Blitz 2015"]
[Site "Berlin GER"]
[Date "2015.10.13"]
[Round "7.17"]
[White "Alekseev, Evgeny"]
[Black "Bauer, Christian"]
[Result "1/2-1/2"]
[WhiteTitle "GM"]
[BlackTitle "GM"]
[WhiteElo "2642"]
[BlackElo "2623"]
[WhiteFideId "4138147"]
[BlackFideId "603767"]
[EventDate "2015.10.13"]

1. e4 e6 2. d4 d5 3. Nc3 Nc6 4. e5 a6 5. f4 Nh6 6. Nf3 Nf5 7. g4 Nh4 8. Be3 h5
9. gxh5 Nxf3+ 10. Qxf3 Qh4+ 11. Bf2 Qxh5 12. Qg3 Nb4 13. Kd2 Bd7 14. a3 Nc6 15.
Be2 Qh6 16. Be3 Ne7 17. Bd3 Qh5 18. Qg5 Qh3 19. Rag1 O-O-O 20. Rg3 Qh4 21. Kc1
f6 22. Qxh4 Rxh4 23. h3 Rh5 24. Be2 Nf5 25. Rgg1 Rh4 26. Kd2 c5 27. Nd1 cxd4 28.
Bf2 Rxf4 29. exf6 gxf6 30. Rg4 Bh6 31. Ke1 e5 32. Rg6 Bg5 33. Bg4 Nh4 34. Bxh4
Bxh4+ 35. Ke2 f5 36. Bf3 Bb5+ 1/2-1/2

[Event "World Blitz 2015"]
[Site "Berlin GER"]
[Date "2015.10.13"]
[Round "7.18"]
[White "Svidler, Peter"]
[Black "Zvjaginsev, Vadim"]
[Result "1-0"]
[WhiteTitle "GM"]
[BlackTitle "GM"]
[WhiteElo "2727"]
[BlackElo "2660"]
[WhiteFideId "4102142"]
[BlackFideId "4113403"]
[EventDate "2015.10.13"]

1. Nf3 Nf6 2. c4 b6 3. d4 Bb7 4. Nc3 e6 5. a3 Ne4 6. Qc2 Nxc3 7. Qxc3 Be7 8. g3
O-O 9. Bg2 d6 10. O-O Nd7 11. b3 Nf6 12. Bb2 a5 13. d5 exd5 14. Nh4 d4 15. Qxd4
Bxg2 16. Nxg2 Ne8 17. Qd2 Bf6 18. Nf4 Bxb2 19. Qxb2 Nf6 20. f3 d5 21. Rad1 c6
22. e4 g5 23. Ne2 Qe7 24. Nd4 Qe5 25. exd5 Nxd5 26. f4 Qe3+ 27. Rf2 Nc3 28. Nf5
Qe4 29. Nh6+ Kg7 30. Qxc3+ Kxh6 31. fxg5+ Kxg5 32. Qf6+ Kh5 33. Rf5+ 1-0

[Event "World Blitz 2015"]
[Site "Berlin GER"]
[Date "2015.10.13"]
[Round "7.19"]
[White "Salem, A.R. Saleh"]
[Black "Fridman, Daniel"]
[Result "0-1"]
[WhiteTitle "GM"]
[BlackTitle "GM"]
[WhiteElo "2624"]
[BlackElo "2649"]
[WhiteFideId "9301348"]
[BlackFideId "11600454"]
[EventDate "2015.10.13"]

1. d4 d5 2. c4 e6 3. Nc3 Be7 4. Nf3 Nf6 5. Bg5 h6 6. Bxf6 Bxf6 7. e3 O-O 8. Rc1
c6 9. h4 Nd7 10. g4 Re8 11. g5 hxg5 12. hxg5 Bxg5 13. Nxg5 Qxg5 14. f4 Qg3+ 15.
Kd2 Qf2+ 16. Be2 Nb6 17. b3 c5 18. dxc5 dxc4 19. Qg1 Rd8+ 20. Kc2 cxb3+ 21. axb3
Qxg1 22. Rcxg1 Nd5 23. Nxd5 exd5 24. Rg5 f6 25. Rgh5 Kf7 26. Kc3 b6 27. c6 Rd6
28. Kd4 Rxc6 29. Bf3 Rd6 30. Rxd5 Bb7 31. Rxd6 Bxf3 32. Rg1 Ke7 33. Rd5 Bxd5 34.
Kxd5 Rd8+ 35. Kc4 Kf7 36. b4 a5 37. bxa5 bxa5 38. Ra1 Ra8 39. Ra4 Ke6 40. Kd3
Kd5 41. Rd4+ Kc6 42. Kc3 Re8 43. e4 Re7 44. Rc4+ Kb5 45. Rd4 a4 46. Rd5+ Kb6 47.
Rd4 Ra7 48. Kb2 Kc5 49. Rd5+ Kc4 50. Ka3 Re7 51. Ra5 Rxe4 52. f5 Kd3 53. Ra7 Rg4
54. Re7 Kc3 55. Rd7 Kc2 56. Rd6 Rf4 57. Rd7 Rxf5 58. Rxg7 Rf4 59. Rh7 f5 60.
Rh2+ Kd3 61. Kb2 Ke3 62. Kc3 Rf2 63. Rh3+ Rf3 64. Rh2 f4 65. Ra2 a3 66. Kc4 Ke4
67. Kc5 Re3 0-1

[Event "World Blitz 2015"]
[Site "Berlin GER"]
[Date "2015.10.13"]
[Round "7.20"]
[White "Iturrizaga Bonelli, Eduardo"]
[Black "Vovk, Yuri"]
[Result "0-1"]
[WhiteTitle "GM"]
[BlackTitle "GM"]
[WhiteElo "2641"]
[BlackElo "2617"]
[WhiteFideId "3901211"]
[BlackFideId "14113171"]
[EventDate "2015.10.13"]

1. Nf3 Nf6 2. c4 g6 3. Nc3 d5 4. cxd5 Nxd5 5. Qb3 Nb6 6. d4 Bg7 7. Bf4 Be6 8.
Qa3 c5 9. e3 cxd4 10. Nxd4 Bxd4 11. exd4 O-O 12. Rd1 Nd5 13. Bh6 Re8 14. Bb5 Nc6
15. O-O Qb6 16. Ba4 Qa5 17. Ne4 Nb6 18. b3 Nxa4 19. bxa4 Bd5 20. Nc5 b6 21. Nd3
Rad8 22. Bd2 Qa6 23. Nb4 Qb7 24. Rfe1 Bxg2 25. d5 Bxd5 26. Nxd5 Rxd5 27. Bh6 Qd7
28. Rxd5 Qxd5 29. Qc3 Nd4 30. Rxe7 Rd8 31. Qe3 Qc6 32. Re4 Nf5 0-1

[Event "World Blitz 2015"]
[Site "Berlin GER"]
[Date "2015.10.13"]
[Round "7.21"]
[White "Fressinet, Laurent"]
[Black "Gajewski, Grzegorz"]
[Result "0-1"]
[WhiteTitle "GM"]
[BlackTitle "GM"]
[WhiteElo "2702"]
[BlackElo "2654"]
[WhiteFideId "608742"]
[BlackFideId "1116207"]
[EventDate "2015.10.13"]

1. Nf3 d5 2. d4 Nf6 3. c4 e6 4. Bg5 Bb4+ 5. Nc3 h6 6. Bxf6 Qxf6 7. e3 O-O 8. Rc1
dxc4 9. Bxc4 c5 10. O-O cxd4 11. Ne4 Qe7 12. a3 Ba5 13. Qxd4 Bb6 14. Qd6 Nc6 15.
Rfd1 Rd8 16. Qxe7 Nxe7 17. Nd6 Bc7 18. Nb5 Bb6 19. Rxd8+ Bxd8 20. Ne5 Nc6 21.
Nxc6 bxc6 22. Nd6 a5 23. a4 Be7 24. Rd1 Kf8 25. b3 Bf6 26. g3 Ke7 27. Kf1 Be5
28. Ne4 f5 29. Nd2 Bb7 30. Ke2 Bf6 31. f4 g5 32. Nf3 c5 33. Ne5 Bxe5 34. fxe5
Ba6 35. Rd6 Bxc4+ 36. bxc4 Rb8 37. Rc6 Rb4 38. Rxc5 Rxa4 39. Kd3 Kd7 40. Rb5 Kc6
41. Rb8 Ra1 42. Kc3 a4 43. Rd8 a3 44. Kb3 Re1 45. Rd6+ Kc5 46. Kxa3 Rxe3+ 47.
Kb2 Rxe5 48. Rd8 Kxc4 0-1

[Event "World Blitz 2015"]
[Site "Berlin GER"]
[Date "2015.10.13"]
[Round "7.22"]
[White "Hausrath, Daniel"]
[Black "Edouard, Romain"]
[Result "0-1"]
[WhiteTitle "GM"]
[BlackTitle "GM"]
[WhiteElo "2503"]
[BlackElo "2636"]
[WhiteFideId "4617495"]
[BlackFideId "633429"]
[EventDate "2015.10.13"]

1. Nf3 Nf6 2. g3 b6 3. Bg2 Bb7 4. O-O g6 5. c4 Bg7 6. d4 O-O 7. d5 e6 8. Nc3 Na6
9. e4 d6 10. dxe6 fxe6 11. e5 dxe5 12. Nxe5 Bxg2 13. Kxg2 Qc8 14. Be3 Qb7+ 15.
Qf3 Nd5 16. cxd5 Rxf3 17. Nxf3 exd5 18. Rad1 d4 19. Bxd4 Rf8 0-1

[Event "World Blitz 2015"]
[Site "Berlin GER"]
[Date "2015.10.13"]
[Round "7.23"]
[White "Eljanov, Pavel"]
[Black "Shchekachev, Andrei"]
[Result "1-0"]
[WhiteTitle "GM"]
[BlackTitle "GM"]
[WhiteElo "2717"]
[BlackElo "2531"]
[WhiteFideId "14102951"]
[BlackFideId "4107730"]
[EventDate "2015.10.13"]

1. d4 d6 2. Nf3 g6 3. c4 Bg7 4. e4 Nd7 5. Nc3 e5 6. Be2 Ngf6 7. O-O O-O 8. Be3
exd4 9. Nxd4 Re8 10. Qc2 c6 11. Rad1 Qe7 12. f3 Ne5 13. Bg5 a6 14. Kh1 h6 15.
Bh4 Qc7 16. Rfe1 Nh5 17. Bf1 Rb8 18. Bf2 Nf4 19. Be3 Nh5 20. b3 Qe7 21. Qf2 b5
22. cxb5 axb5 23. Qd2 Kh7 24. b4 Ra8 25. Rc1 Bd7 26. Rc2 Ra3 27. Nb3 Nc4 28.
Bxc4 bxc4 29. Na5 Be5 30. Nxc4 Qh4 31. Nxe5 dxe5 32. Bf2 Qe7 33. Rd1 Be6 34. Bc5
Qh4 35. b5 cxb5 36. Bxa3 Bc4 37. Kg1 Nf4 38. Qf2 Qg5 39. Kh1 Nd3 40. Qd2 Qh4 41.
Nd5 Ra8 42. Be7 g5 43. Qe3 Ra3 44. Bxa3 1-0

[Event "World Blitz 2015"]
[Site "Berlin GER"]
[Date "2015.10.13"]
[Round "7.24"]
[White "Kryvoruchko, Yuriy"]
[Black "Anand, Viswanathan"]
[Result "0-1"]
[WhiteTitle "GM"]
[BlackTitle "GM"]
[WhiteElo "2710"]
[BlackElo "2803"]
[WhiteFideId "14109182"]
[BlackFideId "5000017"]
[EventDate "2015.10.13"]

1. Nf3 d5 2. e3 Nf6 3. b3 g6 4. Bb2 Bg7 5. c4 O-O 6. Be2 c5 7. O-O dxc4 8. bxc4
Nc6 9. d3 b6 10. Nc3 Bb7 11. Rb1 e6 12. Qc2 Qe7 13. Nd2 Rfd8 14. a3 Ne8 15. f4
Nd6 16. Nce4 Nxe4 17. Nxe4 f5 18. Bxg7 Qxg7 19. Ng5 Qe7 20. Qc3 h6 21. Nf3 Qg7
22. Ne5 g5 23. Bf3 gxf4 24. exf4 Nd4 25. Kf2 Bxf3 26. gxf3 Kh7 27. Rg1 Qf6 28.
Ke3 Rg8 29. Nc6 e5 30. Nxe5 Rae8 31. Kd2 Qh4 32. Rxg8 Qxf4+ 33. Kd1 Rxg8 34. Qe1
Qxh2 35. Rc1 Rg1 0-1

[Event "World Blitz 2015"]
[Site "Berlin GER"]
[Date "2015.10.13"]
[Round "7.25"]
[White "Ponomariov, Ruslan"]
[Black "Munoz Pantoja, Miguel"]
[Result "1/2-1/2"]
[WhiteTitle "GM"]
[BlackTitle "GM"]
[WhiteElo "2710"]
[BlackElo "2441"]
[WhiteFideId "14103320"]
[BlackFideId "3800229"]
[EventDate "2015.10.13"]

1. e4 d5 2. exd5 Qxd5 3. Nc3 Qa5 4. d4 Nf6 5. Bc4 Nc6 6. Ne2 Bg4 7. f3 Be6 8.
Bxe6 fxe6 9. O-O O-O-O 10. Qe1 e5 11. dxe5 Qxe5 12. Kh1 e6 13. Bf4 Qf5 14. Rd1
Bb4 15. a3 Ba5 16. b4 Bb6 17. Rxd8+ Rxd8 18. Qc1 e5 19. Bg5 Rd7 20. Ng3 Qg6 21.
Nce4 Nd4 22. c4 c6 23. c5 Bc7 24. Be3 Nd5 25. Rd1 Nxe3 26. Qxe3 h6 27. Qd3 Qf7
28. h3 g6 29. Nf1 Nb5 30. Qxd7+ Qxd7 31. Rxd7 Kxd7 32. a4 Nd4 33. Ne3 Ke6 34.
Kg1 a5 35. bxa5 Bxa5 36. Kf2 Bb4 37. Nd6 b6 38. Ne4 b5 39. axb5 cxb5 40. Nd1 Kd5
41. Ne3+ Ke6 42. Nd1 Kd5 43. Ne3+ Ke6 44. Nd1 Kd5 45. Ne3+ Ke6 46. Nd1 1/2-1/2

[Event "World Blitz 2015"]
[Site "Berlin GER"]
[Date "2015.10.13"]
[Round "7.28"]
[White "Morozevich, Alexander"]
[Black "Moiseenko, Alexander"]
[Result "1/2-1/2"]
[WhiteTitle "GM"]
[BlackTitle "GM"]
[WhiteElo "2711"]
[BlackElo "2692"]
[WhiteFideId "4116992"]
[BlackFideId "14102560"]
[EventDate "2015.10.13"]

1. e4 c5 2. Nf3 Nc6 3. d4 cxd4 4. Nxd4 e5 5. Nb5 d6 6. N1c3 a6 7. Na3 Be7 8. Nc4
b5 9. Ne3 Nf6 10. g3 O-O 11. Bg2 b4 12. Ncd5 Nxd5 13. Nxd5 Bg5 14. Bxg5 Qxg5 15.
O-O Be6 16. Nc7 Rad8 17. Nxe6 fxe6 18. Qd3 a5 19. c3 Qe7 20. a4 Kh8 21. Rfd1
bxc3 22. bxc3 Qa7 23. Rd2 Ne7 24. Rb1 d5 25. Rb5 Qc7 26. Qc2 dxe4 27. Bxe4 h6
28. Re2 Nd5 29. c4 Nb4 30. Qc3 Rd4 31. c5 Qd8 32. c6 Nd5 33. Qc5 Qf6 34. Rb1 Nf4 1/2-1/2

[Event "World Blitz 2015"]
[Site "Berlin GER"]
[Date "2015.10.13"]
[Round "7.29"]
[White "Safarli, Eltaj"]
[Black "Meier, Georg"]
[Result "1/2-1/2"]
[WhiteTitle "GM"]
[BlackTitle "GM"]
[WhiteElo "2657"]
[BlackElo "2654"]
[WhiteFideId "13402129"]
[BlackFideId "4675789"]
[EventDate "2015.10.13"]

1. e4 e6 2. d4 d5 3. Nd2 dxe4 4. Nxe4 Nd7 5. Nf3 Ngf6 6. Bd3 c5 7. Nxf6+ Nxf6 8.
O-O cxd4 9. Nxd4 Bc5 10. c3 O-O 11. Bg5 Bxd4 12. cxd4 Bd7 13. Re1 Bc6 14. Re5 h6
15. Bh4 Qe7 16. Qe2 Rfd8 17. Qe3 Rd7 18. Rd1 Rad8 19. Bb1 Rd5 20. Rd2 R8d7 21.
a3 Qd8 22. h3 Rxe5 23. Qxe5 Rd5 24. Bxf6 Rxe5 25. Bxd8 Re1+ 26. Kh2 Rxb1 27. f3
f6 28. Bc7 Kf7 29. Bb8 a6 30. Bc7 g5 31. Kg3 Rc1 32. Ba5 Kg6 33. Bc3 Bd5 34. Kf2
h5 35. Re2 Bc4 36. Re1 Rc2+ 37. Kg1 h4 38. Rd1 Bd5 39. Rf1 Bc4 40. Rd1 Kf7 41.
Rd2 Rc1+ 42. Kh2 Rf1 43. Bb4 Bd5 44. Rc2 Bc6 45. Bd6 Rd1 46. Bc5 Kg6 47. Re2 Bd5
48. Bb6 Kh5 49. Bd8 Kg6 50. Bb6 Bc4 51. Rc2 Bd5 52. Re2 Kf7 53. Bc5 Bc6 54. Bb6
Bd5 55. Bc5 Rc1 56. Bb6 Rc4 57. Rd2 Rc1 58. Ba7 Kg6 59. Bb8 Kh5 60. Bd6 Kg6 61.
Be7 Rc4 62. Bd6 Kf7 63. Bb4 b6 64. Bc3 a5 65. Re2 a4 66. Kg1 b5 67. Kf2 Rc8 68.
Ke3 Rg8 69. Be1 Ke7 70. Rc2 Bc4 71. Bb4+ Kd7 72. Bc3 Kc6 73. d5+ Kxd5 74. Rd2+
Kc6 75. Bxf6 Rg6 76. Be5 Bd5 77. Rc2+ Bc4 78. Rd2 Bd5 79. Rd4 Bb3 80. Rd6+ Kc5
81. Rd7 Ba2 82. Rg7 Rxg7 83. Bxg7 Kc4 84. Kd2 Bb1 85. Bf6 Bd3 86. Ke1 Kb3 87.
Bxg5 Kxb2 88. Be7 e5 89. Kf2 Kb3 90. Bd6 Kb2 91. Ke3 Bf1 92. Kf2 Bd3 93. g3
hxg3+ 94. Kxg3 e4 95. fxe4 Bxe4 96. Kf4 Bd3 97. h4 Kc3 98. h5 Kc4 99. Ke5 b4
100. Bxb4 Kb5 1/2-1/2

[Event "World Blitz 2015"]
[Site "Berlin GER"]
[Date "2015.10.13"]
[Round "7.30"]
[White "Matlakov, Maxim"]
[Black "Bologan, Viktor"]
[Result "1/2-1/2"]
[WhiteTitle "GM"]
[BlackTitle "GM"]
[WhiteElo "2689"]
[BlackElo "2607"]
[WhiteFideId "4168003"]
[BlackFideId "13900048"]
[EventDate "2015.10.13"]

1. Nf3 c5 2. c4 Nc6 3. d4 cxd4 4. Nxd4 e6 5. Nc3 Bc5 6. Nb3 Bb4 7. g3 Nf6 8. Bg2
d5 9. cxd5 Nxd5 10. O-O Nxc3 11. bxc3 Qxd1 12. Rxd1 Bxc3 13. Rb1 O-O 14. Ba3 Re8
15. Nc5 a5 16. Nxb7 Bxb7 17. Rxb7 Rac8 18. Rdd7 Ne5 19. Rdc7 Rxc7 20. Rxc7 Bb4
21. Bb2 Bd6 22. Ra7 Nc4 23. Bd4 g6 24. a4 Rb8 25. Bc6 Bb4 26. Kg2 h5 27. h4 Rd8
28. Bf6 Rc8 29. Bd7 Rb8 30. Bb5 Nd6 31. Bd3 Ne8 32. Be5 Rd8 33. f3 Nd6 34. g4
hxg4 35. fxg4 Rc8 36. h5 gxh5 37. gxh5 Nc4 38. Bxc4 Rxc4 39. Ra8+ Bf8 40. Bd6
Rxa4 41. Bxf8 Rg4+ 42. Kf3 Ra4 43. h6 Kh7 44. Ra7 Kg6 45. Bg7 Ra3+ 46. e3 Ra4
47. Rb7 Ra2 48. Rb1 Kh7 49. Bf8 Kg8 50. Rg1+ Kh7 51. Rh1 a4 52. Bd6 Rd2 53. Bf4
a3 54. Rg1 f6 55. Rg7+ Kh8 56. Ra7 a2 57. h7 Rd7 58. Rxa2 Kxh7 59. Ke4 Kg6 60.
Ra6 Kf7 61. Bd6 Rb7 62. Rc6 Rb1 63. Rc7+ Kg6 64. Re7 e5 65. Re8 Rd1 66. Bc5 Rc1
67. Ba3 Rc4+ 68. Kf3 Kf5 69. Rf8 Rc7 70. Bd6 Rd7 71. Bc5 Rc7 72. Bb6 Rd7 73. Bd8
Rd6 74. e4+ 1/2-1/2

[Event "World Blitz 2015"]
[Site "Berlin GER"]
[Date "2015.10.13"]
[Round "7.31"]
[White "Melkumyan, Hrant"]
[Black "Bluebaum, Matthias"]
[Result "1-0"]
[WhiteTitle "GM"]
[BlackTitle "GM"]
[WhiteElo "2622"]
[BlackElo "2588"]
[WhiteFideId "13302485"]
[BlackFideId "24651516"]
[EventDate "2015.10.13"]

1. c4 e6 2. d4 d5 3. Nf3 Nf6 4. Nc3 Bb4 5. cxd5 exd5 6. Bf4 O-O 7. Rc1 c6 8. e3
Bf5 9. Be2 Bd6 10. Bxd6 Qxd6 11. O-O Nbd7 12. a3 Ne4 13. Na4 Qe7 14. Qb3 Nd6 15.
Nd2 Bg6 16. Qb4 Kh8 17. g3 Rae8 18. Nc5 Nxc5 19. Qxc5 Qd7 20. Qxa7 h5 21. Qc5 h4
22. Bf3 Ne4 23. Nxe4 Bxe4 24. Bxe4 dxe4 25. Qh5+ Kg8 26. Qxh4 Re6 27. Rc5 g6 28.
Qf4 Rfe8 29. h4 Kg7 30. b4 Rf6 31. Qg5 Rh8 32. g4 Rf3 33. h5 Rh6 34. Qe5+ f6 35.
Qxe4 Rh3 36. Kg2 Rh4 37. Kg3 R6xh5 38. Rxh5 gxh5 39. Kxh4 1-0

[Event "World Blitz 2015"]
[Site "Berlin GER"]
[Date "2015.10.13"]
[Round "7.33"]
[White "Riazantsev, Alexander"]
[Black "Heimann, Andreas"]
[Result "1-0"]
[WhiteTitle "GM"]
[BlackTitle "IM"]
[WhiteElo "2646"]
[BlackElo "2546"]
[WhiteFideId "4125029"]
[BlackFideId "24624632"]
[EventDate "2015.10.13"]

1. d4 Nf6 2. c4 e6 3. Nf3 b6 4. a3 Bb7 5. Nc3 d5 6. Bg5 Be7 7. e3 O-O 8. Qc2
Nbd7 9. cxd5 exd5 10. Bd3 h6 11. Bh4 c5 12. Rd1 Re8 13. O-O Rc8 14. Bf5 c4 15.
Ne5 Ra8 16. f4 Nf8 17. Qe2 Qc7 18. g4 a6 19. g5 N6h7 20. Qg4 g6 21. Bb1 h5 22.
Qg2 Rad8 23. f5 Rd6 24. Nxf7 Kxf7 25. fxg6+ Kg8 26. gxh7+ Nxh7 27. Bg3 Nf8 28.
g6 Qd7 29. Bxd6 Bxd6 30. Rf7 Qe6 31. Rxb7 Qxe3+ 32. Kh1 Ne6 33. Nxd5 1-0

[Event "World Blitz 2015"]
[Site "Berlin GER"]
[Date "2015.10.13"]
[Round "7.34"]
[White "Ivanisevic, Ivan"]
[Black "Movsesian, Sergei"]
[Result "1-0"]
[WhiteTitle "GM"]
[BlackTitle "GM"]
[WhiteElo "2653"]
[BlackElo "2658"]
[WhiteFideId "912417"]
[BlackFideId "310204"]
[EventDate "2015.10.13"]

1. d4 d5 2. c4 c6 3. Nf3 Nf6 4. g3 e6 5. Bg2 dxc4 6. Ne5 c5 7. Na3 cxd4 8. Naxc4
Be7 9. O-O O-O 10. e3 Nbd7 11. exd4 Nd5 12. Qb3 N7b6 13. Ne3 Nf6 14. Rd1 Bd7 15.
Nxd7 Qxd7 16. a4 Nbd5 17. Nc4 Bb4 18. a5 Rac8 19. Bg5 Be7 20. Ne5 Qc7 21. Rdc1
Qb8 22. Bxd5 Nxd5 23. Bxe7 Nxe7 24. Nd7 Qd6 25. Nxf8 Rxf8 26. Qxb7 Nf5 27. Rd1
a6 28. Qb6 Qd5 29. Qxa6 h5 30. Qe2 h4 31. Qg4 h3 32. Qxh3 Nxd4 33. Qg2 Nf3+ 34.
Kh1 Qa8 35. Ra3 1-0

[Event "World Blitz 2015"]
[Site "Berlin GER"]
[Date "2015.10.13"]
[Round "7.35"]
[White "Roiz, Michael"]
[Black "Vitiugov, Nikita"]
[Result "0-1"]
[WhiteTitle "GM"]
[BlackTitle "GM"]
[WhiteElo "2600"]
[BlackElo "2725"]
[WhiteFideId "2804158"]
[BlackFideId "4152956"]
[EventDate "2015.10.13"]

1. Nf3 d5 2. d4 c6 3. c4 Nf6 4. e3 Bf5 5. Nc3 e6 6. Nh4 Be4 7. f3 Bg6 8. g3 Be7
9. Bd2 O-O 10. Nxg6 hxg6 11. Qb3 Qd7 12. Rd1 Rd8 13. Bg2 c5 14. cxd5 exd5 15.
O-O Nc6 16. dxc5 Bxc5 17. Na4 Be7 18. Kh1 Rab8 19. Rc1 d4 20. Nc5 Bxc5 21. Rxc5
Qe7 22. Rcc1 Re8 23. e4 Rbd8 24. Rcd1 Nd7 25. Rfe1 Nde5 26. Bc1 Qc5 27. Bg5 Nxf3
28. Bxf3 Qxg5 29. Qxb7 Ne5 30. Rf1 d3 31. Bg2 Rb8 32. Qxa7 Rxb2 33. Rf2 Rxf2 34.
Qxf2 Rd8 35. Bf1 Qg4 36. Rd2 Qxe4+ 37. Bg2 Qb4 38. h3 Nc4 39. Rd1 d2 40. Bf1 Nb2 0-1

[Event "World Blitz 2015"]
[Site "Berlin GER"]
[Date "2015.10.13"]
[Round "7.37"]
[White "Schneider, Ilja"]
[Black "Bacrot, Etienne"]
[Result "1-0"]
[WhiteTitle "IM"]
[BlackTitle "GM"]
[WhiteElo "2481"]
[BlackElo "2697"]
[WhiteFideId "4663306"]
[BlackFideId "605506"]
[EventDate "2015.10.13"]

1. e4 d6 2. d4 g6 3. Nc3 a6 4. Bg5 b5 5. a4 b4 6. Nd5 a5 7. Nf3 c6 8. Ne3 Bg7 9.
Bc4 Nd7 10. c3 Nb6 11. Bd3 bxc3 12. bxc3 Nf6 13. O-O O-O 14. Re1 h6 15. Bh4 Nh5
16. Nd2 Bd7 17. Ndc4 Nf4 18. Bxe7 Qxe7 19. Nxb6 Rab8 20. Nxd7 Qxd7 21. Bf1 Rfe8
22. Qf3 Ne6 23. Nc4 Qc7 24. Qg3 Red8 25. e5 dxe5 26. Nxe5 Re8 27. Bc4 Bxe5 28.
Rxe5 Kg7 29. Rae1 Qd7 30. Bxe6 Rxe6 31. Rxe6 Qxe6 32. Qe3 Qxe3 33. fxe3 Rb3 34.
c4 Rb4 35. c5 Kf6 36. Kf2 Rxa4 37. Kf3 Rb4 38. Ke4 Ke6 39. g4 a4 40. Ra1 f5+ 41.
gxf5+ gxf5+ 42. Kd3 Rb3+ 43. Kc4 Rxe3 44. Rxa4 Re1 45. Ra8 Rc1+ 46. Kd3 Rd1+ 47.
Ke3 Re1+ 48. Kd3 Rd1+ 49. Ke3 f4+ 50. Ke4 f3 51. Rf8 Re1+ 52. Kd3 Rf1 53. Ke3
Kd5 54. Rf5+ Kc4 55. Rf6 f2 56. Rxc6 Rh1 57. Kxf2 Rxh2+ 58. Kg3 Rd2 59. Rd6 h5
60. c6 Kb5 61. d5 Kb6 62. Rd7 Rc2 63. Kh4 Rh2+ 64. Kg5 h4 65. Kg4 h3 66. Kg3 Rh1
67. c7 Rc1 68. d6 Rc3+ 69. Kh2 1-0